LEADER 01401nam a2200277 a 4500 001 000000170423 003 CaOOAMICUS 005 20181112114136.0 008 181112s2017 it frm z000 u eng r 032 $aLibriCat 040 $aPUL$bita 100 1 $aSmith, Avery Merriel.$0(OLS)http://pul/name/109646 245 10$aHuman action as text and the quest for justice :$bcontributions from Emmanuel Levinas and Paul Ricoeur towards a hermeneutic of corporate action /$cAvery Merriel Smith. 260 $aRoma :$b[s.n.],$c2017. 300 $a157 p. ;$c24 cm. 502 $aEstratto da Tesi -- Pontificia Università Gregoriana. Facoltà di filosofia. 2017. 504 $aBibliografia: p. [145]-152. 600 14$aRicoeur, Paul,$d1913-2005.$0(OLS)http://pul/subject/6719 600 14$aLévinas, Emmanuel,$d1906-1995$xFilosofia.$0(OLS)http://pul/subject/35241 710 2 $aPontificia Università Gregoriana.$bFacoltà di filosofia.$kTesi.$0(OLS)http://pul/name/82053 850 $aPUL 852 $aPUL$W1$xDP1 Tesi Pon. Univ. Gregoriana$y40$m2017 A 8$j190140$qTesi$B198733$CPULBib$Z2$F198733 $81 941 1 $a16 996 $6245$aHuman action as text and the quest for justice :$bcontributions from Emmanuel Levinas and Paul Ricoeur towards a hermeneutic of corporate action$9(OLS)http://pul/title/211183 996 $6260$aRoma :$b[s.n.]$9(OLS)http://pul/publisher/47958 LEADER 01214nam a2200265 a 4500 001 000000161165 003 CaOOAMICUS 005 20170607154150.0 008 170607s1976 it m 001 u eng r 032 $aLibriCat 040 $aPUL$bita 100 1 $aUntener, Kenneth E.$0(OLS)http://pul/name/103184 245 14$aThe Church-world relationship according to the writings of Yves Congar o.p. /$cKenneth E. Untener. 260 $aRoma :$b[s.n.],$c1976. 300 $a79 p. ;$c25 cm. 502 $aEstratto di Tesi-- Pontificia Università Gregoriana. Facultas Theologiae.1975. 504 $aBibliografia in nota a piè pagina. 600 14$aCongar, Yves,$ccard.,$d1904-1995.$0(OLS)http://pul/subject/1839 710 2 $aPontificia Università Gregoriana.$bFacoltà di teologia.$kTesi.$0(OLS)http://pul/name/81592 850 $aPUL 852 $aPUL$W1$xDP1 Tesi Pon. Univ. Gregoriana$y40$mTH PUG 2511$j185118$qTesi$B188313$CPULBib$Z2$F188313 $H43804 $82 941 1 $a16 996 $6245$aThe Church-world relationship according to the writings of Yves Congar o.p.$9(OLS)http://pul/title/200879 996 $6260$aRoma :$b[s.n.]$9(OLS)http://pul/publisher/47958